| 000 | 00515nam a2200145 a 4500 | ||
|---|---|---|---|
| 008 | 120416s1995 xx |||||||||||||| || u | ||
| 050 | _aOMF(08) | ||
| 100 | _aBaumgartner, Ulrich | ||
| 245 | 1 | 0 |
_aSaving behaviour and the asset price ""bubble"" in Japan _cedited by Ulrich Baumgartner |
| 246 | _aanalytical studies | ||
| 260 | _c1995 | ||
| 300 | _a: ill. | ||
| 350 | _a0.00 | ||
| 995 |
_D0.00 _FCBU-MAIN LIBRARY (Kitwe) _H1 _I15.00 _UAVAILABLE _ZInternational Publications |
||
| 999 |
_c56984 _d56984 |
||